<?xml version="1.0" encoding="UTF-8"?>
<record
    xmlns:xsi="http://www.w3.org/2001/XMLSchema-instance"
    xsi:schemaLocation="http://www.loc.gov/MARC21/slim http://www.loc.gov/standards/marcxml/schema/MARC21slim.xsd"
    xmlns="http://www.loc.gov/MARC21/slim">

  <leader>00662nam a2200229 a 4500</leader>
  <controlfield tag="001">49674</controlfield>
  <controlfield tag="003">BD-RjUL</controlfield>
  <controlfield tag="005">20211209054719.0</controlfield>
  <controlfield tag="008">160822s1962    xx            000 0 eng  </controlfield>
  <datafield tag="035" ind1=" " ind2=" ">
    <subfield code="a">(BD-RjUL) 49794</subfield>
  </datafield>
  <datafield tag="040" ind1=" " ind2=" ">
    <subfield code="a">DLC</subfield>
    <subfield code="c">OClU</subfield>
    <subfield code="d">BD-RjUL</subfield>
    <subfield code="b">eng</subfield>
  </datafield>
  <datafield tag="041" ind1=" " ind2=" ">
    <subfield code="a">eng</subfield>
  </datafield>
  <datafield tag="082" ind1=" " ind2=" ">
    <subfield code="2">23</subfield>
    <subfield code="a">364.34</subfield>
    <subfield code="b">TRE 1962</subfield>
  </datafield>
  <datafield tag="100" ind1="1" ind2=" ">
    <subfield code="a">Trasler, Gordon</subfield>
    <subfield code="9">148944</subfield>
  </datafield>
  <datafield tag="245" ind1="1" ind2="4">
    <subfield code="a">The explanation of criminality /</subfield>
  </datafield>
  <datafield tag="260" ind1=" " ind2=" ">
    <subfield code="a">London :</subfield>
    <subfield code="b">Routledge &amp; K. Paul,</subfield>
    <subfield code="c">c1962</subfield>
  </datafield>
  <datafield tag="300" ind1=" " ind2=" ">
    <subfield code="a">134p. ;</subfield>
    <subfield code="c">23cm.</subfield>
  </datafield>
  <datafield tag="490" ind1="0" ind2=" ">
    <subfield code="a">International library of sociology and social reconstruction</subfield>
  </datafield>
  <datafield tag="504" ind1=" " ind2=" ">
    <subfield code="a">Includes bibliography.</subfield>
  </datafield>
  <datafield tag="650" ind1=" " ind2="0">
    <subfield code="a">Crime and criminals</subfield>
    <subfield code="9">148945</subfield>
  </datafield>
  <datafield tag="942" ind1=" " ind2=" ">
    <subfield code="2">ddc</subfield>
    <subfield code="c">BK</subfield>
  </datafield>
  <datafield tag="999" ind1=" " ind2=" ">
    <subfield code="c">49674</subfield>
    <subfield code="d">49674</subfield>
  </datafield>
  <datafield tag="952" ind1=" " ind2=" ">
    <subfield code="0">0</subfield>
    <subfield code="1">0</subfield>
    <subfield code="2">ddc</subfield>
    <subfield code="4">0</subfield>
    <subfield code="7">0</subfield>
    <subfield code="8">NFIC</subfield>
    <subfield code="a">RUCL</subfield>
    <subfield code="b">RUCL</subfield>
    <subfield code="c">Stack</subfield>
    <subfield code="d">1965-10-09</subfield>
    <subfield code="e">Sweets &amp; zitlinger</subfield>
    <subfield code="g">20.00</subfield>
    <subfield code="l">0</subfield>
    <subfield code="o">364.34 TRE 1962</subfield>
    <subfield code="r">2016-08-22 00:00:00</subfield>
    <subfield code="t">C-2</subfield>
    <subfield code="w">2016-08-22</subfield>
    <subfield code="y">BK</subfield>
  </datafield>
  <datafield tag="952" ind1=" " ind2=" ">
    <subfield code="0">0</subfield>
    <subfield code="1">0</subfield>
    <subfield code="2">ddc</subfield>
    <subfield code="4">0</subfield>
    <subfield code="7">0</subfield>
    <subfield code="8">NFIC</subfield>
    <subfield code="a">RUCL</subfield>
    <subfield code="b">RUCL</subfield>
    <subfield code="c">Stack</subfield>
    <subfield code="d">1965-10-09</subfield>
    <subfield code="e">Sweets &amp; zitlinger</subfield>
    <subfield code="g">20.00</subfield>
    <subfield code="l">0</subfield>
    <subfield code="o">364.34 TRE 1962</subfield>
    <subfield code="r">2016-08-22 00:00:00</subfield>
    <subfield code="t">C-3</subfield>
    <subfield code="w">2016-08-22</subfield>
    <subfield code="y">BK</subfield>
  </datafield>
  <datafield tag="952" ind1=" " ind2=" ">
    <subfield code="0">0</subfield>
    <subfield code="1">0</subfield>
    <subfield code="2">ddc</subfield>
    <subfield code="4">0</subfield>
    <subfield code="7">0</subfield>
    <subfield code="8">NFIC</subfield>
    <subfield code="a">RUCL</subfield>
    <subfield code="b">RUCL</subfield>
    <subfield code="c">Stack</subfield>
    <subfield code="d">1965-10-09</subfield>
    <subfield code="e">Sweets &amp; zitlinger</subfield>
    <subfield code="g">20.00</subfield>
    <subfield code="l">0</subfield>
    <subfield code="o">364.34 TRE 1962</subfield>
    <subfield code="r">2016-08-22 00:00:00</subfield>
    <subfield code="t">C-4</subfield>
    <subfield code="w">2016-08-22</subfield>
    <subfield code="y">BK</subfield>
  </datafield>
  <datafield tag="952" ind1=" " ind2=" ">
    <subfield code="0">0</subfield>
    <subfield code="1">0</subfield>
    <subfield code="2">ddc</subfield>
    <subfield code="4">0</subfield>
    <subfield code="7">0</subfield>
    <subfield code="8">NFIC</subfield>
    <subfield code="a">RUCL</subfield>
    <subfield code="b">RUCL</subfield>
    <subfield code="c">Stack</subfield>
    <subfield code="d">1965-10-09</subfield>
    <subfield code="e">Sweets &amp; zitlinger</subfield>
    <subfield code="g">20.00</subfield>
    <subfield code="l">0</subfield>
    <subfield code="o">364.34 TRE 1962</subfield>
    <subfield code="r">2016-08-22 00:00:00</subfield>
    <subfield code="t">C-5</subfield>
    <subfield code="w">2016-08-22</subfield>
    <subfield code="y">BK</subfield>
  </datafield>
  <datafield tag="952" ind1=" " ind2=" ">
    <subfield code="0">0</subfield>
    <subfield code="1">0</subfield>
    <subfield code="2">ddc</subfield>
    <subfield code="4">0</subfield>
    <subfield code="7">1</subfield>
    <subfield code="8">NFIC</subfield>
    <subfield code="a">RUCL</subfield>
    <subfield code="b">RUCL</subfield>
    <subfield code="c">Reading</subfield>
    <subfield code="d">1968-05-31</subfield>
    <subfield code="e">Pakistan book centre</subfield>
    <subfield code="g">15.00</subfield>
    <subfield code="l">0</subfield>
    <subfield code="o">364.34 TRE 1962</subfield>
    <subfield code="r">2016-12-29 00:00:00</subfield>
    <subfield code="t">C-1</subfield>
    <subfield code="w">2016-12-29</subfield>
    <subfield code="y">BK</subfield>
  </datafield>
</record>
